Investing banking : an odyssey in high finance (Record no. 276028)
[ view plain ]
| 000 -LEADER | |
|---|---|
| fixed length control field | 00487nam a2200169Ia 4500 |
| 005 - DATE AND TIME OF LATEST TRANSACTION | |
| control field | 20240920120441.0 |
| 008 - FIXED-LENGTH DATA ELEMENTS--GENERAL INFORMATION | |
| fixed length control field | 240126s9999 xx 000 0 und d |
| 020 ## - INTERNATIONAL STANDARD BOOK NUMBER | |
| International Standard Book Number | 9780070583245 |
| 082 ## - DEWEY DECIMAL CLASSIFICATION NUMBER | |
| Classification number | 332.6 SUB;1 R |
| 100 ## - MAIN ENTRY--PERSONAL NAME | |
| Personal name | Subramanyam. Pratap, G. |
| 245 #0 - TITLE STATEMENT | |
| Title | Investing banking : an odyssey in high finance |
| 260 ## - PUBLICATION, DISTRIBUTION, ETC. (IMPRINT) | |
| Name of publisher, distributor, etc. | T M H |
| Place of publication, distribution, etc. | New Delhi |
| 300 ## - PHYSICAL DESCRIPTION | |
| Extent | xxiii, 1182 |
| 440 ## - SERIES STATEMENT/ADDED ENTRY--TITLE | |
| Title | CFM-TMH perofessional series in finance |
| 650 ## - SUBJECT ADDED ENTRY--TOPICAL TERM | |
| Topical term or geographic name as entry element | Investing,Odyssey,high,finance |
| 942 ## - ADDED ENTRY ELEMENTS (KOHA) | |
| Koha item type | PESU Books |
| Date last seen | Total Checkouts | Full call number | Accession number | Old discount | Volume/Issue Number | Price effective from | Category | Lost status | Damaged status | Department | Withdrawn status | Permanent Location | Current Location | Shelving location | Entry date | Grants | Currency symbol | Conversion rate | Discount | Discount type |
|---|---|---|---|---|---|---|---|---|---|---|---|---|---|---|---|---|---|---|---|---|
| 26/01/2024 | 332.6 SUB;1 R | PU3631 | (27/06/1905) | 26/01/2024 | PESU Books | Central Library | Central Library | Central Library | Central Library | 27/07/2015 | DONATED | RS | 1 | Rupees |
